| 000 | 00427nam a2200157Ia 4500 | ||
|---|---|---|---|
| 008 | 230917s9999||||xx |||||||||||||| ||und|| | ||
| 040 |
_e228273 _aMAIN |
||
| 041 | _aEnglish | ||
| 082 | _a005.1 P926S(7) | ||
| 100 | _aPresman, Roger P | ||
| 245 | 0 | _aSoftware engineering : A practioners approach | |
| 250 | _a7th ed. | ||
| 260 |
_aNew Delhi _bMcGraw-Hill Education (India) _c2015 |
||
| 300 | _axxviii, 895 p. | ||
| 942 | _cBK | ||
| 999 |
_c180180 _d180180 |
||